تحميل...

Direct current fundamentals /

التفاصيل البيبلوغرافية
المؤلف الرئيسي: Loper, Orla E.
التنسيق: Printed Book
اللغة:English
منشور في: Bombay : D. B. Taraporevala, 1969
LEADER 00530nam a22001577a 4500
003 OSt
005 20200624134450.0
008 150704b xxu||||| |||| 00| 0 eng d
082 |a 537.61 LOP/D 
100 |a Loper, Orla E. 
245 |a Direct current fundamentals /  |c Orla E. Loper 
260 |a Bombay :  |b D. B. Taraporevala,  |c 1969 
300 |a 336p. 
942 |2 ddc  |c BK 
999 |c 320362  |d 320362 
952 |0 0  |1 0  |2 ddc  |4 0  |6 537_610000000000000_LOP_D  |7 0  |9 366747  |a CSC  |b CSC  |c ST1  |d 2015-07-04  |i 1622  |l 0  |o 537.61 LOP/D  |p CSC1622  |r 2015-07-04  |w 2015-07-04  |y BK